[Event "BCF-ch U14"]
[Site "Hull"]
[Date "2018.08.01"]
[Round "4"]
[White "Rayner, Hugo"]
[Black "Culmer Jenkins, Henry"]
[Result "1-0"]
[WhiteElo "1391"]
[BlackElo "940"]
[PlyCount "109"]
[EventDate "2018.07.29"]
[EventType "swiss"]
[EventRounds "7"]
[EventCountry "ENG"]
[SourceTitle "CBM 186 Extra"]
[Source "ChessBase"]
[SourceDate "2018.08.24"]
[SourceVersion "1"]
[SourceVersionDate "2018.08.24"]
[SourceQuality "1"]

1. e4 c5 2. Nc3 d6 3. f4 Nf6 4. Nf3 d5 5. e5 Ng4 6. h3 Nh6 7. d4 c4 8. b3 b5 9. Bd2 a6 10. bxc4 dxc4 11. Be3 e6 12. Be2 Bb4 13. Bd2 Bb7 14. a3 Bxc3 15. Bxc3 Nd7 16. 0-0 Nf5 17. Kf2 Nh4 18. Qe1 Nxf3 19. Bxf3 Bxf3 20. Kxf3 Nf8 21. Qe4 Qd5 22. a4 Qxe4+ 23. Kxe4 Rc8 24. axb5 axb5 25. Rfb1 Rb8 26. Ra5 Nd7 27. Raxb5 Rxb5 28. Rxb5 Ke7 29. Bb4+ Kd8 30. Bd6 Kc8 31. Rb4 c3 32. Rc4+ Kb7 33. Rc7+ Ka6 34. Rxd7 Rc8 35. Rc7 Rxc7 36. Bxc7 Kb5 37. Kd3 Kc6 38. Ba5 Kb5 39. Bxc3 Kc6 40. Bb4 Kb5 41. Ba3 Kc6 42. Kc4 g6 43. g4 h6 44. g5 h5 45. h4 Kb6 46. d5 exd5+ 47. Kxd5 Kc7 48. c4 Kd7 49. c5 Kc7 50. c6 Kd8 51. Kd6 Kc8 52. c7 Kb7 53. Kd7 Kb6 54. c8Q Kb5 55. Qc6+ 1-0